Směry a koncepce v indexní teorii. 1.
Vývoj indexnej teórie. Analytická a syntetická koncepcia deliteľnosti súhrnnej veličiny. Rôzne tvary cenových indexov a základné požiadavky kladené na index. Deľba indexov do troch generácií. Cenové indexy vyjadrené vo forme vzorcov.
Gespeichert in:
| 1. Verfasser: | |
|---|---|
| Format: | Buchkapitel |
| Sprache: | Tschechisch |
| Schlagworte: | |
| Tags: |
Keine Tags, Fügen Sie das erste Tag hinzu!
|
MARC
| LEADER | 00000naa a2200000 4500 | ||
|---|---|---|---|
| 001 | r003256 | ||
| 005 | 20230113115916.4 | ||
| 041 | 0 | |a cze | |
| 044 | |a [CS] | ||
| 245 | 1 | 0 | |a Směry a koncepce v indexní teorii. 1. |c L. Zychová |
| 520 | |a Vývoj indexnej teórie. Analytická a syntetická koncepcia deliteľnosti súhrnnej veličiny. Rôzne tvary cenových indexov a základné požiadavky kladené na index. Deľba indexov do troch generácií. Cenové indexy vyjadrené vo forme vzorcov. | ||
| 610 | 2 | 0 | |a indexy cenové |
| 610 | 2 | 0 | |a indexy súhrnné |
| 610 | 2 | 0 | |a koncepcie |
| 610 | 2 | 0 | |a indexy |
| 100 | 1 | |a Zychová, Lenka | |